Performance evaluation of thiruvalla primary cooperative agricultural and rural development bank ltd no A:159 (Record no. 177673)

MARC details
000 -LEADER
fixed length control field 00283nam a22000977a 4500
082 ## - DEWEY DECIMAL CLASSIFICATION NUMBER
Classification number P-947
100 ## - MAIN ENTRY--PERSONAL NAME
Personal name Krishnapriya T S
245 ## - TITLE STATEMENT
Title Performance evaluation of thiruvalla primary cooperative agricultural and rural development bank ltd no A:159
260 ## - PUBLICATION, DISTRIBUTION, ETC. (IMPRINT)
Date of publication, distribution, etc. 2013
942 ## - ADDED ENTRY ELEMENTS (KOHA)
Source of classification or shelving scheme Dewey Decimal Classification
Koha item type Theses
Holdings
Withdrawn status Lost status Source of classification or shelving scheme Damaged status Not for loan Home library Current library Shelving location Date acquired Total Checkouts Full call number Date last seen Price effective from Koha item type
    Dewey Decimal Classification     College of Co-operation, Banking & Management Library, Vellanikkara College of Co-operation, Banking & Management Library, Vellanikkara   10/01/2018   P-947 10/01/2018 10/01/2018 Theses
Kerala Agricultural University Central Library
Thrissur-(Dt.), Kerala Pin:- 680656, India
Ph : (+91)(487) 2372219
E-mail: librarian@kau.in
Website: http://library.kau.in/